| 000 | 00355nam a2200133Ia 4500 | ||
|---|---|---|---|
| 008 | 220217s9999||||xx |||||||||||||| ||und|| | ||
| 020 | _a81-224-0354-9 | ||
| 082 | _a621.381 52 GOT | ||
| 100 |
_aGottlob, Heinrich _93975 |
||
| 245 | 0 | _aCoil: seimens series | |
| 260 |
_aWiley eastern limited _bNew Delhi _c1991 |
||
| 300 | _b40 | ||
| 650 | _aCIRCUITRY | ||
| 999 |
_c173294 _d173294 |
||